|
|
|
|
| LEADER |
00616nab a2200181 i 4500 |
| 001 |
acta14600 |
| 005 |
20210409130412.0 |
| 008 |
161015s1976 hu o 0|| eng d |
| 022 |
|
|
|a 0001-6969
|
| 040 |
|
|
|a SZTE Egyetemi Kiadványok Repozitórium
|b hun
|
| 041 |
|
|
|a eng
|
| 100 |
1 |
|
|a Szász Gábor
|
| 245 |
1 |
0 |
|a Decomposable elements and ideals in semigroups
|h [elektronikus dokumentum] /
|c Szász Gábor
|
| 260 |
|
|
|c 1976
|
| 300 |
|
|
|a 375-378
|
| 490 |
0 |
|
|a Acta scientiarum mathematicarum
|v 38 No. 3-4
|
| 695 |
|
|
|a Matematika
|
| 856 |
4 |
0 |
|u http://acta.bibl.u-szeged.hu/14600/1/math_038_fasc_003_004_375-378.pdf
|z Dokumentum-elérés
|